<?xml version="1.0" encoding="UTF-8"?>
<marc:record xmlns:marc="http://www.loc.gov/MARC21/slim">
   <marc:leader>00000nam a2200000 a 4500</marc:leader>
   <marc:datafield ind1="1" ind2=" " tag="100">
      <marc:subfield code="a">Pistor, Katharina</marc:subfield>
      <marc:subfield code="4">aut</marc:subfield>
      <marc:subfield code="e">Verfasser/-in</marc:subfield>
   </marc:datafield>
   <marc:datafield ind1=" " ind2=" " tag="653">
      <marc:subfield code="a">Anwälte</marc:subfield>
   </marc:datafield>
   <marc:datafield ind1=" " ind2=" " tag="653">
      <marc:subfield code="a">Kapital</marc:subfield>
   </marc:datafield>
   <marc:datafield ind1=" " ind2=" " tag="653">
      <marc:subfield code="a">Justiz</marc:subfield>
   </marc:datafield>
   <marc:datafield ind1=" " ind2=" " tag="653">
      <marc:subfield code="a">Finanzkrise</marc:subfield>
   </marc:datafield>
   <marc:datafield ind1=" " ind2=" " tag="653">
      <marc:subfield code="a">Arbeit</marc:subfield>
   </marc:datafield>
   <marc:datafield ind1=" " ind2=" " tag="653">
      <marc:subfield code="a">Softcover / Recht</marc:subfield>
   </marc:datafield>
   <marc:datafield ind1=" " ind2=" " tag="653">
      <marc:subfield code="a">Anwälte;Kapital;Justiz;Finanzkrise;Arbeit</marc:subfield>
   </marc:datafield>
   <marc:datafield ind1="0" ind2="0" tag="245">
      <marc:subfield code="a">Der Code des Kapitals</marc:subfield>
   </marc:datafield>
   <marc:datafield ind1="0" ind2="0" tag="245">
      <marc:subfield code="b">Wie das Recht Reichtum und Ungleichheit schafft</marc:subfield>
   </marc:datafield>
   <marc:datafield ind1="0" ind2="0" tag="245">
      <marc:subfield code="c">Katharina Pistor</marc:subfield>
   </marc:datafield>
   <marc:datafield ind1=" " ind2="1" tag="264">
      <marc:subfield code="a">Berlin</marc:subfield>
      <marc:subfield code="b">Suhrkamp</marc:subfield>
      <marc:subfield code="c">2020</marc:subfield>
   </marc:datafield>
   <marc:datafield ind1=" " ind2=" " tag="250">
      <marc:subfield code="a">1. Auflage</marc:subfield>
   </marc:datafield>
   <marc:datafield ind1="1" ind2=" " tag="520">
      <marc:subfield code="a">Angaben aus der Verlagsmeldung

Der Code des Kapitals : Wie das Recht Reichtum und Ungleichheit schafft The Code of Capital. How the Law Creates Wealth and Inequality / von Katharina Pistor

Kapital ist das bestimmende Merkmal moderner Volkswirtschaften, doch die meisten Menschen haben keine Ahnung, woher es tatsächlich kommt. Was verwandelt bloßen Reichtum in ein Vermögen, das automatisch mehr Reichtum schafft? Katharina Pistor zeigt in ihrem bahnbrechenden Buch, wie Kapital hinter verschlossenen Türen in Anwaltskanzleien geschaffen wird und warum dies einer der wichtigsten Gründe für die wachsende Ungleichheit in unseren Gesellschaften ist.

Das Recht »codiert« selektiv bestimmte Vermögenswerte und stattet sie mit der Fähigkeit aus, privaten Reichtum zu schützen und zu produzieren. Auf diese Weise kann jedes Objekt, jeder Anspruch oder jede Idee in Kapital umgewandelt werden – und Anwälte sind die Hüter dieses Codes. Sie wählen aus verschiedenen Rechtssystemen und Rechtsinstrumenten diejenigen aus, die den Bedürfnissen ihrer Mandanten am besten dienen. Techniken, die vor Jahrhunderten Landbesitz in Kapital transformierten, dienen heute zur Codierung von Aktien, Anleihen, Ideen und Zukunftserwartungen. Ein großes, beunruhigendes Porträt der globalen Natur dieses Codes sowie der Menschen, die ihn gestalten, und der Regierungen, die ihn durchsetzen.

</marc:subfield>
   </marc:datafield>
   <marc:datafield ind1=" " ind2=" " tag="020">
      <marc:subfield code="a">9783518587607</marc:subfield>
      <marc:subfield code="9">9783518587607</marc:subfield>
   </marc:datafield>
   <marc:datafield ind1=" " ind2=" " tag="020">
      <marc:subfield code="a">3518587609</marc:subfield>
      <marc:subfield code="9">3518587609</marc:subfield>
   </marc:datafield>
   <marc:datafield ind1=" " ind2=" " tag="041">
      <marc:subfield code="a">ger</marc:subfield>
   </marc:datafield>
   <marc:datafield ind1=" " ind2=" " tag="300">
      <marc:subfield code="a">440 Seiten</marc:subfield>
   </marc:datafield>
</marc:record>
